<?xml version="1.0" encoding="UTF-8"?><?xml-stylesheet type="text/xsl" href="static/style.xsl"?><OAI-PMH xmlns="http://www.openarchives.org/OAI/2.0/" xmlns:xsi="http://www.w3.org/2001/XMLSchema-instance" xsi:schemaLocation="http://www.openarchives.org/OAI/2.0/ http://www.openarchives.org/OAI/2.0/OAI-PMH.xsd"><responseDate>2026-07-04T04:08:47Z</responseDate><request verb="GetRecord" identifier="oai:docta.ucm.es:20.500.14352/137913" metadataPrefix="marc">https://docta.ucm.es/rest/oai/request</request><GetRecord><record><header><identifier>oai:docta.ucm.es:20.500.14352/137913</identifier><datestamp>2026-07-01T00:13:46Z</datestamp><setSpec>com_20.500.14352_14</setSpec><setSpec>col_20.500.14352_22</setSpec></header><metadata><record xmlns="http://www.loc.gov/MARC21/slim" xmlns:dcterms="http://purl.org/dc/terms/" xmlns:xsi="http://www.w3.org/2001/XMLSchema-instance" xmlns:doc="http://www.lyncode.com/xoai" xsi:schemaLocation="http://www.loc.gov/MARC21/slim http://www.loc.gov/standards/marcxml/schema/MARC21slim.xsd">
   <leader>00925njm 22002777a 4500</leader>
   <datafield ind2=" " ind1=" " tag="042">
      <subfield code="a">dc</subfield>
   </datafield>
   <datafield ind2=" " ind1=" " tag="720">
      <subfield code="a">Laguna Castro, Almudena</subfield>
      <subfield code="e">author</subfield>
   </datafield>
   <datafield ind2=" " ind1=" " tag="260">
      <subfield code="c">2026-06-30</subfield>
   </datafield>
   <datafield ind2=" " ind1=" " tag="520">
      <subfield code="a">La leishmaniosis es una enfermedad parasitaria perteneciente al grupo de enfermedades tropicales desatendidas. Se caracteriza principalmente por transmitirse mediante la picadura de flebótomos y ser, para la mayoría de las especies etiológicas, una zoonosis. Debido a la morbilidad y mortalidad en ausencia de tratamiento de esta enfermedad, el empleo de fármacos eficaces se hace indispensable. Sin embargo, los tratamientos actuales contra Leishmania spp. se caracterizan por su elevada toxicidad, por la escasez de tratamientos de administración por vía oral y por la reciente aparición de resistencias. Debido a esta circunstancia se ha desarrollado una nueva molécula con acción leishmanicida: 4-picolinimidamido-n-[4-(picolinimidamido)fenil]benzamida (JNII40_base). No obstante, presenta limitaciones relacionadas con su elevada lipofilia, como son su baja solubilidad en medio gastrointestinal y su escasa biodisponibilidad...</subfield>
   </datafield>
   <datafield ind2=" " ind1=" " tag="520">
      <subfield code="a">Leishmaniasis is a parasitic disease which belong to the group of neglected tropical diseases. It is mainly characterized by its transmission through the bite of phlebotomine sandflies and, for most etiological species, by its zoonotic nature. Due to the morbidity and mortality associated with the absence of treatment, the use of effective drugs is essential. However, current treatments against Leishmania spp. are characterized by high toxicity, a lack of orally administered options, and the recent emergence of drug resistance.In response to this situation, a new leishmanicidal molecule: 4-picolinimamidado-n-[4-(picolinimamidado)phenyl]benzamide (JNII40_base) has been developed. Nevertheless, it presents limitations related to its high lipophilicity, such as poor solubility in the gastrointestinal environment and low bioavailability...</subfield>
   </datafield>
   <datafield ind1="8" ind2=" " tag="024">
      <subfield code="a">https://hdl.handle.net/20.500.14352/137913</subfield>
   </datafield>
   <datafield ind2="0" ind1="0" tag="245">
      <subfield code="a">Desarrollo de formulaciones galénicas en nuevos tratamientos frente a la leishmaniosis</subfield>
   </datafield>
   <datafield ind2="0" ind1="0" tag="245">
      <subfield code="a">Development of galenic formulations in new treatments against leishmaniasis</subfield>
   </datafield>
</record></metadata></record></GetRecord></OAI-PMH>